00872nam a2200241Ia 4500001000600000003000900006008004100015040001300056040001300069041001200082100001700094100002900111245011300140245005600253250001100309260001100320260002700331260004900358300005900407500011800466650001500584650003100599B4485IT-RoPAU130308s9999 xx 000 0 und d aIT-RoPAU cIT-RoPAU aINGLESE aDowning John gCodice Aut. SPICS: 29601 aAlternative Public Realm (The): the Organization of the 1980S Anti-Nuclear Press in West Germany and Britain bCulture And Power-A Media, Culture & Society Reader a1a ed. aLONDON bSage Publications B.H. c1992 [1° Ed.:1992 - Ed.Ling.Originale:1992] a"19 p. (prefazione: no ; testo: 19 [pagine: 259-277])" aRegno del Pubblico Alternativo: Organizzazione della Stampa Antinucleare degli Anni 80 in Germania e Inghilterra. aSOCIOLOGIA eCodice materia Spics: 3651